Chơi vơi trời chiều [Tập truyện ngắn] : Đệ thập nhị dạ
সংরক্ষণ করুন:
| প্রধান লেখক: | |
|---|---|
| বিন্যাস: | গ্রন্থ |
| ভাষা: | Undetermined |
| প্রকাশিত: |
Hà Nội
Hội Nhà Văn
2006
|
| বিষয়গুলি: | |
| ট্যাগগুলো: |
ট্যাগ যুক্ত করুন
কোনো ট্যাগ নেই, প্রথমজন হিসাবে ট্যাগ করুন!
|
| Thư viện lưu trữ: | Trung tâm Học liệu Trường Đại học Cần Thơ |
|---|
| LEADER | 00663nam a2200217Ia 4500 | ||
|---|---|---|---|
| 001 | CTU_112401 | ||
| 008 | 210402s9999 xx 000 0 und d | ||
| 020 | |c 52000 | ||
| 082 | |a 895.1301 | ||
| 082 | |b Ng556 | ||
| 100 | |a Thiết, Ngưng | ||
| 245 | 0 | |a Chơi vơi trời chiều [Tập truyện ngắn] : | |
| 245 | 0 | |b Đệ thập nhị dạ | |
| 245 | 0 | |c Thiết Ngưng; Sơn Lê biên dịch | |
| 260 | |a Hà Nội | ||
| 260 | |b Hội Nhà Văn | ||
| 260 | |c 2006 | ||
| 650 | |a Short stories, chinese ( vietnamese ) | ||
| 650 | |y 20th century | ||
| 904 | |i Minh | ||
| 980 | |a Trung tâm Học liệu Trường Đại học Cần Thơ | ||